ნორმალური ფორმატი
MARC ფორმატი
ჩანაწერი Personal Name
ჩანაწერთა რაოდენობა, რომელიც გამოყენებულია: 3
001 - CONTROL NUMBER
- control field: 9154
003 - CONTROL NUMBER IDENTIFIER
- control field: GE_BSU
005 - DATE AND TIME OF LATEST TRANSACTION
- control field: 20200810140731.0
008 - FIXED-LENGTH DATA ELEMENTS
- fixed length control field: 200810|| aca||aabn | a|a d
040 ## - CATALOGING SOURCE
- Original cataloging agency: GE_BSU
- Transcribing agency: GE_BSU
100 ## - HEADING--PERSONAL NAME
- Personal name: Coleman, Christopher,
- Dates associated with a name: 1950-
670 ## - SOURCE DATA FOUND
- Source citation: Work cat.: (GE_BSU)0: Coleman, Christopher, 1950-, An introduction to radio frequency engineering /, 2004.
